[Event "HCL-A134"]
[Site "www.playchess.de"]
[Date "2001.04.14"]
[Round "2"]
[White "janus"]
[Black "Translightor"]
[WhiteElo "1918"]
[BlackElo "1431"]
[PlyCount "45"]
[Result "1-0"]

1.e4 {Hallo ! Dir viel Glück und uns eine 
spannende Partie !! Viele Grüße  Rüdiger}  e5 
{Danke. Ich werde mich bemühen, Dir ein würdiger 
Gegner zu sein. Gruß Jürgen}  2.f4 {Da bin ich 
sicher !! Ich soll Dich auch sehr herzlich von 
Thomas (= Dakini) grüßen !!}  exf4 {Schade, dass 
er alles hingeschmissen hat. In der letzten Partie 
hatte er sehr gute Siegchancen.}  3.Nf3 {Er hatte 
etwas Ärger mit seiner Frau - daher die 
schöpferische Pause !!}  Nf6 {Typisches 
Schachspieler-Problem! Ich drücke ihm die Daumen, 
dass er bald wieder Spielerlaubnis erhäl}  4.e5 
{Ich auch ! Spielst Du eigentlich im Verein ? Ich 
bin nur ein "Hobbypatzer" ;-)) !}  Nh5 {Du ein 
Hobbypatzer? Mit fast 100 % Erfolgsquote bei 
PlayChess?}  5.d4 {Nun ja - aber in der A-Klasse 
ist es schon ein hartes Brot - aber ich versuche 
mein Bestes ;-) !}  d5 {Im Nahschach habe ich 1900 
und spiele Verbandsliga.}  6.Be2 {Das ist sehr 
hoch - da muß ich sehr aufpassen !!}  Rg8 {Aber 
hier bei PlayChess hast Du klar die besseren 
Resultate. Remis???}  7.Qd3 {Hier habe ich auch 
mehr Zeit als am Brett ! Remis - noch möchte ich 
einige Züge spielen *g* !!}  g6 {Remis im 
Königsgambit wäre sowieso Schändigung eines 
Heiligtums!}  8.O-O {Das sehe ich auch so - jetzt 
bin ich mutig und rochiere ins Kampfgeschehen ;-) 
!}  c6 {Eigentlich liebe ich es ja, solide 
anzufangen und die Taktik erst später einfließen 
zu lassen...}  9.Ne1 {Gegensätze ziehen sich hier 
an - ich spiele fas immer von Beginn an auf Taktik 
!}  Bf5 {Vielleicht das Ergebnis des Erfolgs - 
Taktik lässt sich dem Gegner leichter aufdrücken 
als Strategie}  10.Qb3 {Genau - allerdings klappt 
es nicht immer (z.B. bei mir gegen "Caissafan" !}  
b6 {Ausnahmen bestätigen die Regel!}  11.Nd3 {Und 
deshalb habe ich meine Eröffnung umgestellt - das 
Zeug wie gegen C. spiele ich nicht mehr !!}  Ng7 
{Trotzdem: Nur 1 Niederlage und 2 Remisen - das 
ist für Deine Gegner ganz schön deprimierend!}  
12.Nxf4 {Ich bin auch sehr zufrieden bisher ! Wie 
sehen Deine anderen Partien aus ?}  Ne6 {Seitdem 
ich den Aufstieg in Klasse A sicher habe, bin ich 
um über 100 Punkte abgesackt.}  13.Nxe6 {Die 
Punktwertung sollte mit der Klasse steigen - 
vielleicht eine Anregung für Thomas Stahl ?}  Bxe6 
{Nö. Es waren bei mir einfach Motivationsprobleme 
und zuviele Partien. Wird sich schon geben.}  
14.Be3 {Gegen mich spielst Du aber sehr gut - 
macht mir viel Spaß !!!}  Qc7 {Nach 15 Zügen kann 
man das noch leicht sagen - aber wohin mit dem 
König?}  15.c4 {Tja - die 0-0-0 scheidet wohl aus, 
da jetzt der Angriff auf der c-Linie erfolgt.}  a5 
{Getreu dem Motto: Chaos hat noch nie 
geschadet...}  16.cxd5 {Genau !! Sorry - ich war 
gestern den ganzen Tag in einem Meeting !!}  Bxd5 
{Und keine Zeit, die Züge auf dem Laptop zu 
machen? Meetings sind doch sooo langweilig...}  
17.Qd1 {Da hast Du Recht - und leider hatte der 
Raum keinen Internet-Anschluß - schade ;-)) !!!}  
Nd7 {Vielleicht lieber in einem Meeting sitzen als 
diese Stellung mit Schwarz spielen. Mir fiel nix 
ein!}  18.Bf3 {Deine Stellung möchte ich auch 
nicht spielen müssen - ich glaube, daß mein 
Angriff durchschlägt ?!}  Bg7 {Und ich weiß noch 
nichtmal, wo der Fehler lag.}  19.Bxd5 {Ich denke, 
daß die Verteidigung mit Sf6 nicht gut ist und Tg8 
(Sc6 !) war der "Bock"}  cxd5 {So früh in der 
Partie hätte ich die Kritik nicht angesetzt. Da 
gab's laut ChessBase noch Vorgänger.}  20.Na3 {Das 
wußte ich nicht - sorry !!}  Bf8 {Ist doch nur gut 
für mich - dann kriegen die anderen die Schuld!}  
21.Qf3 {Stimmt auch wieder ;-)) - heute nur ein 
Zug, wir bekommen gleich Besuch.}  Nb8 {So lange 
ich materiell das Gleichgewicht halten kann, 
spiele ich noch weiter.Aber Spaß macht's nicht}  
22.Rac1 {Das glaube ich Dir - aber bitte nicht 
böse sein !!}  Qe7 {Es hat keinen Sinn mehr. Mein 
nächster Zug wird die Aufgabe sein. Glückwunsch!}  
23.Qxd5 {Vielen Dank für die Gratulation und die 
schöne Partie - es gehören ja immer zwei Spieler 
dazu !!}  1-0

[Event "HCL-A134"]
[Site "www.playchess.de"]
[Date "2001.04.14"]
[Round "4"]
[White "Translightor"]
[Black "Whatever"]
[WhiteElo "1431"]
[BlackElo "1561"]
[PlyCount "52"]
[Result "1/2-1/2"]

1.e4 {Hello once again! Seems that we're playing a 
match of our own.}  c5 {Correct. I guess one of 
the next one's is in the X-class :-). Good game.}  
2.Nc3 {Well, some of my games are so bad that 
they're X-rated!}  Nc6 {Actually, from my humble 
perspective these games are about all I can 
handle. I enjoy them.}  3.g3 {I love playing on 
PlayChess, and certainly dream of reaching class X 
one day. A dream...}  g6 4.Bg2 Bg7 5.d3 d6 6.f4 e6 
7.Nf3 Nge7 8.O-O O-O 9.Be3 Nd4 10.Qd2 Rb8 11.Rae1 
b5 12.e5 Nxf3+ 13.Bxf3 Qc7 14.exd6 Qxd6 15.Nd1 Bb7 
16.c3 Nf5 17.Qe2 Rfd8 18.Nf2 {This might become 
the revenge for the lost queen.}  Nxe3 {a) please 
don't remind me - the game could take an equal 
turn b) how? c) your are well positioned}  19.Qxe3 
{a) No more words. b) By applying more pressure. 
c) Solid, yes; well, no.}  a5 {Are you winning the 
other (queen) tournament? Excellent games 
'lightor!!}  20.Bxb7 {No, I've already lost 2 
games there. But sorry for destroying YOUR winning 
options in that tourney!}  Rxb7 21.Ne4 Qb6 {That 
is mean - what did you have for breakfirst-raw 
meat or what?!}  22.Qxc5 {My mother always told 
me: Eat everything that's on your plate! And I do, 
even raw meet of mad cows!}  Rxd3 23.Re2 Rd5 
24.Qxb6 Rxb6 25.Kg2 Rb8 26.Kf3 
Rbd8 1/2-1/2

[Event "HCL-B292"]
[Site "www.playchess.de"]
[Date "2001.04.14"]
[Round "2"]
[White "Christopher"]
[Black "e4forme"]
[WhiteElo "1165"]
[BlackElo "1538"]
[PlyCount "58"]
[Result "0-1"]

1.e4 {Greetings.  Let the games begin  : )}  e5 
{Hi Chris, great name! Good Luck in the upcoming 
battle.}  2.Nf3 {Good luck to you too.}  Nc6 3.d4 
exd4 4.Nxd4 Bc5 5.Nxc6 Qf6 6.Qe2 Qxc6 7.Nc3 d6 
8.Be3 Nf6 9.Bxc5 Qxc5 10.Qb5+ Qxb5 {Let's get 
straight to the endgame....... :)}  11.Nxb5 {Where 
are you from? I'm in south Florida.}  Kd8 
{Columbia, Tn.   Go Vols!}  12.Bd3 Nxe4 13.Bxe4 
Re8 14.O-O Rxe4 15.Rae1 Rxe1 16.Rxe1 a6 17.Nd4 c5 
18.Nf3 h6 19.c4 Be6 20.b3 Kc7 21.h4 b5 22.Re4 bxc4 
23.bxc4 Rb8 24.a3 Rb3 25.Re3 Rxe3 26.fxe3 Bxc4 
27.h5 Bd5 28.Nd2 c4 29.Kf2 c3 0-1

[Event "HCL-C288"]
[Site "www.playchess.de"]
[Date "2001.04.14"]
[Round "6"]
[White "Barani_S"]
[Black "Blitzdonder"]
[WhiteElo "1400"]
[BlackElo "1000"]
[PlyCount "21"]
[Result "1-0"]

1.e4 e5 2.Nf3 Nc6 3.d4 d6 4.d5 Na5 5.b4 c5 6.bxa5 
Qxa5+ 7.Bd2 Qb5 8.Bxb5+ Bd7 9.Bxd7+ Kxd7 10.c4 Nf6 
11.Qa4+ 1-0

[Event "HCL-B279"]
[Site "www.playchess.de"]
[Date "2001.04.14"]
[Round "20"]
[White "King_Slayer"]
[Black "whatsleft2"]
[WhiteElo "1204"]
[BlackElo "1814"]
[PlyCount "46"]
[Result "0-1"]

1.d4 d5 {goodluck}  2.c4 e6 3.Nc3 c5 4.cxd5 exd5 
5.Nf3 Nc6 {where are you from}  6.Bg5 f6 7.Bh4 Bg4 
8.dxc5 Bxf3 9.exf3 {Dublin, Ireland, and 
yourself?}  d4 {texas usa on the gulf of mexico}  
10.Ne4 {suppose the weathers a bit better than 
what we get here<g>}  Qa5+ {i was fishing this 
morning and got sun burned}  11.Qd2 {I've 
forgottem what the sun looks like}  Nb4 {i have it 
made catch fish in the morning for dinner and play 
chess  untill wife gets home from work}  12.Rc1 
{beats going out to work in the rain and coming 
home oin the rain}  d3 {this is a wild game wont 
find any gms playing like this}  13.Kd1 {not my 
normal type of game, but enjoyable}  Qa4+ 14.b3 
Qa3 15.Bxd3 Nxd3 16.Qxd3 Rd8 17.Nd6+ Bxd6 18.cxd6 
Rxd6 19.Re1+ Ne7 20.Qxd6 Qxd6+ 21.Kc2 Kf7 22.Kb1 
Qd3+ 23.Ka1 Qd4+ 0-1

[Event "HCL-C280"]
[Site "www.playchess.de"]
[Date "2001.04.14"]
[Round "11"]
[White "Coney"]
[Black "Gagarin"]
[WhiteElo "1167"]
[BlackElo "800"]
[PlyCount "40"]
[Result "0-1"]

1.d4 d5 2.c4 dxc4 3.Nf3 c5 4.Qa4+ Bd7 5.Qxc4 cxd4 
6.Nxd4 e5 7.Nf3 Nc6 8.e4 Nd4 9.Nxd4 Rc8 10.Qxc8 
Qxc8 11.Nb3 Qc2 12.Na3 Bb4+ 13.Nd2 Bxd2+ 14.Bxd2 
Qxb2 15.Rb1 Qxa3 16.Rxb7 Qxa2 17.Rb8+ Ke7 18.Bb4+ 
Kf6 19.Be2 Nh6 20.Rxh8 Qb1+ 0-1

[Event "HCL-C280"]
[Site "www.playchess.de"]
[Date "2001.04.14"]
[Round "16"]
[White "jhvn"]
[Black "Coney"]
[WhiteElo "1184"]
[BlackElo "1167"]
[PlyCount "35"]
[Result "1-0"]

1.e4 e5 2.f4 exf4 3.Nf3 g5 4.Bc4 Nc6 5.h3 Bc5 6.d4 
Bb6 7.Nc3 d6 8.a3 f5 9.Qd3 Qe7 10.Kd1 Qf6 11.h4 
gxh4 12.Re1 Nge7 13.Nd5 Nxd5 14.exd5+ Ne7 15.Bxf4 
Bd7 16.Bg5 Qg7 17.Rxe7+ Qxe7 18.Bxe7 1-0

[Event "HCL-C280"]
[Site "www.playchess.de"]
[Date "2001.04.14"]
[Round "22"]
[White "Coney"]
[Black "TuffGong"]
[WhiteElo "1167"]
[BlackElo "1043"]
[PlyCount "43"]
[Result "1-0"]

1.e4 e5 2.f4 g6 3.Nf3 exf4 4.Nc3 f5 5.e5 Qe7 6.d4 
b6 7.Bxf4 Bb7 8.Bc4 Nf6 9.Bg5 Bg7 10.O-O Rf8 
11.exf6 Rxf6 12.Re1 Be4 13.Bxf6 Bxf6 14.Nxe4 fxe4 
15.Ne5 Nc6 16.Nxc6 dxc6 17.c3 O-O-O 18.Qa4 Kb8 
19.Qxc6 Bh4 20.Ba6 Bf2+ 21.Kh1 Bxe1 
22.Qb7+ 1-0

[Event "HCL-C280"]
[Site "www.playchess.de"]
[Date "2001.04.14"]
[Round "28"]
[White "jhvn"]
[Black "TuffGong"]
[WhiteElo "1184"]
[BlackElo "1043"]
[PlyCount "39"]
[Result "1-0"]

1.e4 e5 2.f4 exf4 3.Nf3 d5 4.exd5 Qxd5 5.Qe2+ Ne7 
6.d4 Be6 7.Nc3 Qa5 8.Bxf4 Nd5 9.Qb5+ Qxb5 10.Bxb5+ 
Nd7 11.Nxd5 Bxd5 12.O-O O-O-O 13.Rae1 c6 14.Bd3 c5 
15.c3 Rg8 16.b4 cxd4 17.cxd4 Bxb4 18.Rec1+ Bc6 
19.Rxc6+ bxc6 20.Ba6+ 1-0

[Event "HCL-C293"]
[Site "www.playchess.de"]
[Date "2001.04.14"]
[Round "31"]
[White "Martinio"]
[Black "fossa"]
[WhiteElo "1526"]
[BlackElo "951"]
[PlyCount "23"]
[Result "1-0"]

1.e4 e6 2.d4 c5 3.d5 e5 4.Nf3 d6 5.Nc3 f5 6.Bd3 
fxe4 7.Nxe4 Nf6 8.Nxf6+ gxf6 9.O-O f5 10.Bb5+ Bd7 
11.Nxe5 dxe5 12.Qh5+ 1-0

[Event "HCL-A131"]
[Site "www.playchess.de"]
[Date "2001.04.14"]
[Round "5"]
[White "Translightor"]
[Black "Whatever"]
[WhiteElo "1414"]
[BlackElo "1525"]
[PlyCount "58"]
[Result "1/2-1/2"]

1.e4 {Hi! You're now my recoldholder: the first 
one at PlayChess I've met in 6 games.}  c5 {It is 
good to have achieved at least something. Have a 
good game.}  2.Nf3 {Is there any line we haven't 
tried yet? Good luck to you too!}  Nc6 {I will try 
to find one :-)}  3.d4 cxd4 4.Nxd4 g6 5.Nc3 Bg7 
6.Be3 Nf6 7.Bc4 O-O 8.Bb3 d6 9.O-O Bd7 10.h3 Nxd4 
11.Bxd4 b5 12.Re1 a5 13.a3 Qc7 14.Qd3 Rfb8 15.e5 
Ne8 16.Qf3 e6 17.exd6 Qxd6 18.Bxg7 Kxg7 19.Rad1 
Qc6 20.Qe3 Bc8 21.Rd2 Rb7 22.Red1 Rd7 23.Qe4 Qxe4 
24.Nxe4 Rxd2 25.Rxd2 Bb7 26.Nc5 Bc6 27.c3 Nf6 
28.f3 Nd5 29.Kf2 Kf8 1/2-1/2

[Event "HCL-C289"]
[Site "www.playchess.de"]
[Date "2001.04.14"]
[Round "8"]
[White "Lukas"]
[Black "Tim"]
[WhiteElo "845"]
[BlackElo "1000"]
[PlyCount "89"]
[Result "1-0"]

1.e4 Nf6 2.e5 Nd5 3.c4 Nb6 4.d4 c6 5.Nc3 d5 6.exd6 
e6 7.c5 Nd5 8.Nxd5 exd5 9.Nf3 Nd7 10.Be2 b6 
11.cxb6 axb6 12.Bf4 h6 13.h4 b5 14.Qd2 Qa5 15.b4 
Qa3 16.Qe3+ Kd8 17.Qxa3 Rxa3 18.Ne5 Bxd6 19.Nxf7+ 
Ke7 20.Nxh8 Bxf4 21.Ng6+ Kf7 22.Nxf4 Nf6 23.Rc1 
Bd7 24.Rc2 Kf8 25.g4 Ne4 26.Rg1 Kg8 27.Ng6 Rb3 
28.axb3 Be8 29.Ne5 Nd6 30.Nxc6 Bxc6 31.Rxc6 Nf7 
32.Rc5 h5 33.Rxb5 hxg4 34.Rxg4 Nh6 35.Rb8+ Kh7 
36.Rd8 Nxg4 37.Bxg4 Kh6 38.Rxd5 g6 39.b5 Kg7 40.b6 
Kf6 41.b7 g5 42.hxg5+ Kg6 43.b8Q {%}  Kg7 44.Rd7+ 
Kg6 45.Qg8+ 1-0

[Event "HCL-A138"]
[Site "www.playchess.de"]
[Date "2001.04.14"]
[Round "13"]
[White "Jora"]
[Black "One_i"]
[WhiteElo "1900"]
[BlackElo "1646"]
[PlyCount "47"]
[Result "1-0"]

1.Nf3 {Good luck}  Nf6 {Good luck to you from 
Canada}  2.Nc3 b6 3.e4 Bb7 4.e5 Nd5 5.Nxd5 Bxd5 
6.d4 e6 7.c4 Be4 8.d5 Be7 9.Bd3 Bxd3 10.Qxd3 exd5 
11.cxd5 Bb4+ 12.Bd2 Qe7 13.O-O Bxd2 14.Qxd2 O-O 
15.Rac1 d6 16.Rfe1 a5 17.e6 h6 18.Nd4 Ra7 19.Re3 
fxe6 20.Nxe6 Rc8 21.Rg3 g5 22.Nxg5 hxg5 23.Rxg5+ 
Kf7 24.Qf4+ 1-0

[Event "HCL-A139"]
[Site "www.playchess.de"]
[Date "2001.04.14"]
[Round "1"]
[White "One_i"]
[Black "Worf"]
[WhiteElo "1646"]
[BlackElo "1667"]
[PlyCount "38"]
[Result "1/2-1/2"]

1.d4 {Good luck to you from Canada}  d5 {Good luck 
for you from Frankfurt am Main ,Germany}  2.Nf3 c6 
3.Bf4 Qb6 4.b3 Nf6 5.e3 Bf5 6.Bd3 Bxd3 7.Qxd3 e6 
8.Nbd2 Nbd7 9.O-O Be7 10.c4 O-O 11.Ne5 Nxe5 
12.Bxe5 Rfd8 13.c5 Qa5 14.h3 Rde8 15.Rfb1 Nd7 
16.b4 Qd8 17.Bh2 a6 18.a4 Bf6 19.Nf3 
e5 1/2-1/2

[Event "ACL-M004"]
[Site "www.playchess.de"]
[Date "2001.04.14"]
[Round "6"]
[White "peze"]
[Black "Nils"]
[WhiteElo "1908"]
[BlackElo "1821"]
[PlyCount "40"]
[Result "1/2-1/2"]

1.d4 {Hallo und auf ein Neues!}  Nf6 {Ebenso}  
2.c4 e6 3.Nc3 Bb4 4.Qc2 d5 5.cxd5 exd5 6.Bg5 Qd6 
7.a3 Ne4 8.Nf3 Bxc3+ 9.bxc3 Bf5 10.e3 Qc6 11.Qb3 
O-O 12.Bf4 Be6 13.Ne5 Qb6 14.Qc2 g5 15.Bg3 f6 
16.Nf3 Bf5 17.Bd3 Qa5 18.O-O Nxg3 19.fxg3 Bxd3 
20.Qxd3 Nc6 1/2-1/2

[Event "HCL-B308"]
[Site "www.playchess.de"]
[Date "2001.04.14"]
[Round "9"]
[White "BABU"]
[Black "vijal"]
[WhiteElo "1500"]
[BlackElo "882"]
[PlyCount "51"]
[Result "1-0"]

1.e4 e5 2.Nf3 Nc6 3.Bc4 Bc5 4.O-O Nf6 5.d3 h6 
6.Bd5 O-O 7.Bxc6 dxc6 8.Nxe5 Be6 9.Nc3 Qd6 10.Nf3 
Bg4 11.d4 Bxf3 12.Qxf3 Qxd4 13.Bf4 Bd6 14.Rad1 Qc5 
15.b4 Qxb4 16.e5 Bxe5 17.Bxe5 Nd5 18.Nxd5 cxd5 
19.Qxd5 Rad8 20.Qb3 Qe7 21.Rxd8 Rxd8 22.Qg3 f6 
23.Bxc7 Rc8 24.Ba5 Rxc2 25.Qb3+ Kh7 
26.Qxc2+ 1-0

[Event "HCL-B293"]
[Site "www.playchess.de"]
[Date "2001.04.14"]
[Round "33"]
[White "Bill"]
[Black "vijal"]
[WhiteElo "1404"]
[BlackElo "882"]
[PlyCount "31"]
[Result "1-0"]

1.d4 d5 2.c4 c6 3.Nc3 Nf6 4.Nf3 Bf5 5.cxd5 cxd5 
6.Qb3 {Where are you located?  I'm in Fremont,CA}  
b6 7.Bf4 e6 8.Nb5 {I'll be away April 16 returning 
April 23}  Nc6 9.Nc7+ Kd7 10.Nxa8 Qxa8 11.Ne5+ 
Nxe5 12.Bxe5 Be7 13.Qa4+ Kd8 14.Rc1 a5 15.Bc7+ Kc8 
16.Bxb6+ 1-0

[Event "HCL-B109"]
[Site "www.playchess.de"]
[Date "2001.04.15"]
[Round "2"]
[White "PieceSeeker"]
[Black "tuzlak"]
[WhiteElo "1277"]
[BlackElo "1500"]
[PlyCount "79"]
[Result "1-0"]

1.e4 e5 2.Nf3 Nc6 3.Bb5 d6 4.d4 Bd7 5.dxe5 dxe5 
6.Nc3 Bd6 7.Bg5 Nce7 8.Bc4 h6 9.Be3 Nf6 10.Qd2 Nc6 
11.Nb5 Nxe4 12.Qd5 O-O 13.Qxe4 Qf6 14.Nxd6 cxd6 
15.Bd3 g6 16.Bxh6 Rfe8 17.Bg5 Qg7 18.O-O-O Be6 
19.Bc4 Bf5 20.Qd5 Be6 21.Qe4 Bf5 22.Qe2 Nb4 23.Rd2 
a6 24.Rxd6 Rac8 25.Ne1 b5 26.Bb3 a5 27.Qxb5 Rca8 
28.a4 Rec8 29.h4 Rcb8 30.Rb6 Rbc8 31.h5 Qh7 32.Qe2 
Nc6 33.Rxc6 Rxc6 34.Bd5 Rc7 35.Bxa8 gxh5 36.Rxh5 
Qg6 37.g4 Be4 38.Bxe4 Qe6 39.Bh7+ Kg7 
40.Bf5 1-0

[Event "HCL-E008"]
[Site "www.playchess.de"]
[Date "2001.04.15"]
[Round "1"]
[White "BigL"]
[Black "Vanon"]
[WhiteElo "2000"]
[BlackElo "2000"]
[PlyCount "69"]
[Result "1-0"]

1.e4 e6 2.d4 d5 3.Nc3 Nf6 4.Bg5 Be7 5.e5 Nfd7 
6.Bxe7 Qxe7 7.Qd2 a6 8.f4 c5 9.dxc5 Nc6 10.Nf3 
Qxc5 11.Ne2 b5 12.Ned4 Nb6 13.Nxc6 Qxc6 14.O-O-O 
Bd7 15.Qd4 O-O 16.Bd3 Rac8 17.g4 Na4 18.f5 Nc5 
19.f6 Nxd3+ 20.Qxd3 Qc4 21.Qxc4 Rxc4 22.fxg7 Kxg7 
23.g5 Rfc8 24.Nd4 b4 25.Rhf1 a5 26.Rf6 R8c7 27.h4 
a4 28.Kb1 a3 29.h5 axb2 30.Rdf1 Ba4 31.Nxe6+ Kg8 
32.Nxc7 Rxc7 33.h6 Bxc2+ 34.Kxb2 Bd3 
35.R1f2 1-0

[Event "HCL-E019"]
[Site "www.playchess.de"]
[Date "2001.04.15"]
[Round "32"]
[White "Habich64"]
[Black "Brrrr"]
[WhiteElo "2000"]
[BlackElo "1806"]
[PlyCount "52"]
[Result "0-1"]

1.d4 Nf6 2.c4 g6 3.Nc3 Bg7 4.e4 d6 5.Be2 O-O {Good 
to see you again.}  6.Bg5 {Good to playing again, 
how ya doing?}  c5 {Excellent, thanks.}  7.d5 Qa5 
8.Bd2 Qb6 9.h3 Qxb2 10.Rb1 Qa3 11.Nb5 Qxa2 12.Ra1 
Qxa1 13.Qxa1 Nxe4 14.Qc1 a6 15.Nc3 Nxd2 16.Qxd2 
Bd7 17.Nf3 a5 18.O-O {hey, do they sell cuban 
cigars in Canada?}  Na6 {Absolutely. I don't 
smoke.}  19.Bd1 {are they very expensive}  Nb4 {I 
have no idea, but our dollar = .65 US :-(}  20.Na4 
Ra6 21.Re1 Re8 {Enter 'space' to remove your 
message.}  22.Qf4 Nd3 23.Qe3 Nxe1 24.Qxe1 b5 
25.cxb5 Bxb5 26.Qe3 Ra7 0-1

[Event "ACL-A012"]
[Site "www.playchess.de"]
[Date "2001.04.15"]
[Round "36"]
[White "FireRook"]
[Black "Lindam"]
[WhiteElo "1500"]
[BlackElo "1500"]
[PlyCount "101"]
[Result "1/2-1/2"]

1.e4 c5 2.Nf3 d6 3.d4 cxd4 4.Nxd4 Nf6 5.Nc3 a6 
6.Be3 e6 7.Bd3 b5 8.O-O Bb7 9.a4 b4 10.Na2 Qc7 
11.c3 b3 12.Nxb3 Nbd7 13.f3 d5 14.exd5 Nxd5 15.Bd4 
Bd6 16.h3 Rd8 17.Qc2 Ne5 18.Bxh7 f5 19.f4 Nf7 
20.Rae1 Rxh7 21.Qxf5 Rh6 22.Rxe6+ Ne7 23.Re2 Qc4 
24.Qc2 Qxa4 25.Bxg7 Bd5 26.Nac1 Rh4 27.f5 Be4 
28.Qd2 Bh2+ 29.Kxh2 Rxd2 30.Nxd2 Qc6 31.f6 Bxg2 
32.Rxg2 Qd6+ 33.Kg1 Nd5 34.Rf3 Nf4 35.Re3+ Kd8 
36.Rgg3 Rh5 37.Re4 Rxh3 38.Rg4 Nd5 39.Rg2 Rg3 
40.Rd4 Kc8 41.Nd3 Ng5 42.Nc4 Rxg2+ 43.Kxg2 Qe6 
44.Nde5 Ne3+ 45.Nxe3 Qxe5 46.Kf2 Nh3+ 47.Ke2 Qh2+ 
48.Kd3 Qxb2 49.Rc4+ Kd7 50.Rd4+ Kc6 
51.Nd5 1/2-1/2

[Event "HCL-B148"]
[Site "www.playchess.de"]
[Date "2001.04.15"]
[Round "12"]
[White "BorEl"]
[Black "BuckNaked"]
[WhiteElo "1490"]
[BlackElo "1422"]
[PlyCount "44"]
[Result "0-1"]

1.e4 c5 2.Nf3 d6 3.d4 cxd4 4.Nxd4 Nf6 5.Nc3 g6 
6.Bd3 e5 7.Bb5+ Nbd7 8.Nf3 a6 9.Ba4 Qa5 10.O-O b5 
11.Bb3 h6 12.Re1 Nc5 13.Bd5 Nxd5 14.Nxd5 Qd8 15.b4 
Na4 16.c4 Bd7 17.cxb5 axb5 18.Be3 Nb2 19.Bb6 Nxd1 
20.Bxd8 Rxd8 21.Rexd1 f5 22.Nf6+ 
Ke7 0-1

[Event "HCL-C153"]
[Site "www.playchess.de"]
[Date "2001.04.15"]
[Round "21"]
[White "laehndie26"]
[Black "Hulkster"]
[WhiteElo "1000"]
[BlackElo "1000"]
[PlyCount "29"]
[Result "1-0"]

1.d3 e6 2.e4 Qf6 3.Nc3 Nh6 4.Nf3 b6 5.d4 Bb7 6.Bd3 
Nc6 7.O-O Nxd4 8.Nxd4 Ng4 9.Qxg4 Qxd4 10.a3 f5 
11.Qh3 Bc5 12.b4 Qxc3 13.Be3 Bxe3 14.fxe3 Qxc2 
15.Bxc2 1-0

[Event "CCL-E009"]
[Site "www.playchess.de"]
[Date "2001.04.15"]
[Round "7"]
[White "joepechie"]
[Black "G9_us"]
[WhiteElo "2000"]
[BlackElo "2000"]
[PlyCount "140"]
[Result "0-1"]

1.e4 {hello}  c5 {hey joe how are you?}  2.Nf3 
{Doing fine. Just waiting for the Superbowl here 
in VIrginia. How are you?}  Nc6 {Im getting ready 
too for the giants v. ravens, who r u rooting 
for?}  3.Nc3 {Go Ravens!!!}  Nf6 {ok ravens it is, 
they rock :-)!!! what hardware do you have by the 
way?}  4.Bb5 {166mhz 32mb ram...old and slow}  e6 
{Athlon Tbird 1.2 ghz 512 ram 34-7 go ravens!!}  
5.O-O {Bet you get a few 100,000 modes a sec more 
than me.Ravens were tuff}  Be7 {By the way what 
program do you use?}  6.d3 {chessmater8000}  O-O 
{this should be interesting then, both play 
attacking chess}  7.Bxc6 {I think so. I was out of 
book early. Typical CM opening book}  bxc6 {I have 
an opening book for CM8 which is i will upload it 
about 5mb}  8.Bg5 {who created the book}  d5 {book 
uploaded :-) and you have mail from yngwie :-)}  
9.e5 Nd7 {The CM8 team, for testing purposes, it 
has been uploaded in the book folder}  10.Bxe7 {I 
downloaded both books. What is the other book?}  
Qxe7 {The other one i will tell you by mail ;-)}  
11.Qd2 f6 {i have sendt a mail explaining}  
12.Rae1 {Chessmaster is seeing this game as even 
right now}  Bb7 13.Na4 f5 {Gandalf sees it even 
too. did you get my mail?}  14.c4 {Got your mail. 
Just needto catch up with my friend}  Rab8 {ok 
dude :-)}  15.Qa5 a6 16.Nd2 f4 17.Qc7 Qf7 18.Rec1 
Rfc8 19.Qd6 Rcd8 20.cxd5 exd5 21.Rfe1 Nb6 22.Qxc5 
Nxa4 23.Qb4 Nxb2 24.Qxb2 c5 25.Rxc5 d4 26.Qc2 f3 
27.Rb1 Qg6 28.g3 Qg4 29.Qc4+ Kh8 30.Qc1 Qe6 31.Rb4 
Ba8 32.Rbc4 h6 33.h4 Kh7 34.Kh2 Qf5 35.Qc2 Bb7 
36.a3 Bc8 37.Nxf3 Qh3+ 38.Kg1 Bb7 39.R5c6 Rbc8 
40.e6 Rxc6 41.Rxc6 Qf5 42.e7 Rb8 43.Nxd4 Qd5 
44.Kf1 Qxd4 45.Re6 Re8 46.Re3 Bd5 47.Qd1 Qb2 48.d4 
Kg8 49.Re5 Qc3 50.Kg1 Bf3 51.Qb1 Qxd4 52.Qb3+ Kh7 
53.Qb1+ Kh8 54.Re3 Bc6 55.Qe1 Qc5 56.Kh2 Kg8 
57.Qe2 Qc1 58.f3 Bb5 59.Qa2+ Bc4 60.Qf2 Kf7 61.a4 
Be6 62.Re4 Rxe7 63.Rf4+ Kg8 64.Re4 Qd1 65.Kg2 Rc7 
66.Re1 Qd5 67.Re4 Rc3 68.Qe2 Qb3 69.Rd4 Bd5 70.Kh3 
Bxf3 0-1

[Event "HCL-E021"]
[Site "www.playchess.de"]
[Date "2001.04.15"]
[Round "6"]
[White "estrada"]
[Black "Giovanni"]
[WhiteElo "1678"]
[BlackElo "2000"]
[PlyCount "31"]
[Result "1-0"]

1.e4 c5 2.d4 cxd4 3.c3 dxc3 4.Nxc3 Nc6 5.Nf3 e6 
6.Bc4 d6 7.O-O Nf6 8.Qe2 a6 9.a4 Be7 10.Rd1 Qc7 
11.Bg5 O-O 12.Rac1 Qb8 13.h4 b6 14.Nh2 Ne5 15.Ba2 
Bb7 16.h5 1-0